000 00969nam a2200241 i 4500
001 49157
003 ES-MaACL
005 20250716090842.0
007 t|
008 030710s1894 phl ||||1| spa d
100 1 _aCorrochano y Casanova, Manuel María.
_940790
245 1 0 _aDiscurso leído en la sesión inaugural del Apostolodo de la Prensa de Cavite el día 1º de junio de 1894... /
_c[Manuel Corrochano].
260 _aManila :
_b[s.n.],
_c1894 (
_fRamírez)
300 _a21 p. ;
_c26 cm.
530 _aDisponible también en sitio web.
594 _aAutor (p. 21): Manuel Corrochano.
650 4 _aDemonio.
_911587
650 0 4 _aApostolado seglar
_99923
710 2 _aApostolado de la Prensa de Cavite.
_9150956
852 _aES-MaACL
_jT-789-F-2
_z.- Dedicatoria manuscrita del autor
856 _uhttp://bibliotecadigitalhispanica.bne.es:80/webclient/DeliveryManager?pid=2808466&custom_att_2=simple_viewer
_zIr a la página
999 _c49157
_d49157